<?xml version="1.0" encoding="UTF-8"?>
<record
    xmlns:xsi="http://www.w3.org/2001/XMLSchema-instance"
    xsi:schemaLocation="http://www.loc.gov/MARC21/slim http://www.loc.gov/standards/marcxml/schema/MARC21slim.xsd"
    xmlns="http://www.loc.gov/MARC21/slim">

  <leader>00836nam a22001817a 4500</leader>
  <controlfield tag="008">121102t        xxu||||| |||| 00| 0 eng d</controlfield>
  <datafield tag="020" ind1=" " ind2=" ">
    <subfield code="a">1403913463</subfield>
  </datafield>
  <datafield tag="050" ind1=" " ind2=" ">
    <subfield code="a">PE1408.Ew38</subfield>
  </datafield>
  <datafield tag="100" ind1=" " ind2=" ">
    <subfield code="a">Emden, Joan Van</subfield>
  </datafield>
  <datafield tag="245" ind1=" " ind2=" ">
    <subfield code="a">Presentation skills for students. /</subfield>
    <subfield code="h">Joan Van Emden and Lucinda Becker.</subfield>
  </datafield>
  <datafield tag="260" ind1=" " ind2=" ">
    <subfield code="a">New York: </subfield>
    <subfield code="b">Palgrave Macmillan,</subfield>
    <subfield code="c">2004.</subfield>
  </datafield>
  <datafield tag="300" ind1=" " ind2=" ">
    <subfield code="a">142 p.:</subfield>
    <subfield code="b">ill.;</subfield>
    <subfield code="c">16cm.</subfield>
  </datafield>
  <datafield tag="500" ind1=" " ind2=" ">
    <subfield code="a">Includes index.</subfield>
  </datafield>
  <datafield tag="505" ind1=" " ind2=" ">
    <subfield code="a">Contents: Personal development: speaking to an audience -- Delivery, non- verbal communication and nerves -- Choosing and using visual aids -- Speaking as part of your course -- Speaking as part of a group -- Speaking as a student representative -- Speaking at elections and meetings -- Job searches and job interviews.</subfield>
  </datafield>
  <datafield tag="650" ind1=" " ind2=" ">
    <subfield code="a">Presentation skills.</subfield>
  </datafield>
  <datafield tag="700" ind1=" " ind2=" ">
    <subfield code="a">Becker, Lucinda </subfield>
  </datafield>
  <datafield tag="942" ind1=" " ind2=" ">
    <subfield code="2">lcc</subfield>
    <subfield code="c">BK</subfield>
  </datafield>
  <datafield tag="999" ind1=" " ind2=" ">
    <subfield code="c">2496</subfield>
    <subfield code="d">9996</subfield>
  </datafield>
  <datafield tag="952" ind1=" " ind2=" ">
    <subfield code="0">0</subfield>
    <subfield code="1">0</subfield>
    <subfield code="2">lcc</subfield>
    <subfield code="4">0</subfield>
    <subfield code="7">0</subfield>
    <subfield code="a">WIUC-1</subfield>
    <subfield code="b">WIUC-1</subfield>
    <subfield code="c">GEN</subfield>
    <subfield code="d">2012-11-02</subfield>
    <subfield code="l">0</subfield>
    <subfield code="o">PE1408.Ew38</subfield>
    <subfield code="p">6205/12</subfield>
    <subfield code="r">2012-11-02 00:00:00</subfield>
    <subfield code="t">1</subfield>
    <subfield code="w">2012-11-02</subfield>
    <subfield code="y">BK</subfield>
  </datafield>
  <datafield tag="952" ind1=" " ind2=" ">
    <subfield code="0">0</subfield>
    <subfield code="1">0</subfield>
    <subfield code="2">lcc</subfield>
    <subfield code="4">0</subfield>
    <subfield code="7">0</subfield>
    <subfield code="a">WIUC-1</subfield>
    <subfield code="b">WIUC-1</subfield>
    <subfield code="c">GEN</subfield>
    <subfield code="d">2012-11-02</subfield>
    <subfield code="l">0</subfield>
    <subfield code="o">PE1408.Ew381</subfield>
    <subfield code="p">6206/12</subfield>
    <subfield code="r">2012-11-02 00:00:00</subfield>
    <subfield code="t">2</subfield>
    <subfield code="w">2012-11-02</subfield>
    <subfield code="y">BK</subfield>
  </datafield>
  <datafield tag="952" ind1=" " ind2=" ">
    <subfield code="0">0</subfield>
    <subfield code="1">0</subfield>
    <subfield code="2">lcc</subfield>
    <subfield code="4">0</subfield>
    <subfield code="7">0</subfield>
    <subfield code="a">WIUC-1</subfield>
    <subfield code="b">WIUC-1</subfield>
    <subfield code="c">GEN</subfield>
    <subfield code="d">2012-11-02</subfield>
    <subfield code="l">0</subfield>
    <subfield code="o">PE1408.Ew382</subfield>
    <subfield code="p">6207/12</subfield>
    <subfield code="r">2012-11-02 00:00:00</subfield>
    <subfield code="t">3</subfield>
    <subfield code="w">2012-11-02</subfield>
    <subfield code="y">BK</subfield>
  </datafield>
</record>
